00847 a2200181 450000100060000002000180000602000110002408200080003510000190004325000100006252003520007285600240042404000250044824501010047326000330057430000210060770000370062812692 a9788599306017 qbroch. a028 aLeão, Liana. a6.ed. aDesde criança, aprendemos os mais variados conceitos sobre tudo o que existe no mundo. Disso vem nosso entendimento pessoal sobre cores, gostos e pessoas, e sobre o que é certo e errado. Junto vêm também os preconceitos, que nos levam a esquecer que a vida é feita de ideias variadas e que o mundo seria muito triste se tudo fosse igual. u000032/000032f4.jpg aBR-BrIDEAcBR-BrIDEA10aDiferentes, pensando conceitos e preconceitoscLiana Leão ; ilustrações Márcia Széliga aSão PaulobElementarc2012 a32 p.bcol. ill. aSzéliga, Márciaeilustradora